Market research for food products and processes in developing countries

שמור ב:
מידע ביבליוגרפי
מחבר ראשי: R H Young
פורמט: ספר
שפה:Undetermined
יצא לאור: Singapore Proceedings of a workshop 1986
נושאים:
תגים: הוספת תג
אין תגיות, היה/י הראשונ/ה לתייג את הרשומה!
Thư viện lưu trữ: Trung tâm Học liệu Trường Đại học Cần Thơ
LEADER 00532nam a2200181Ia 4500
001 CTU_6360
008 210402s9999 xx 000 0 und d
082 |a 380.1 
082 |b M345 
100 |a R H Young 
245 0 |a Market research for food products and processes in developing countries 
245 0 |c R H Young 
260 |a Singapore 
260 |b Proceedings of a workshop 
260 |c 1986 
650 |a marketing 
904 |i Nguyễn Quang Điền, 960820 
980 |a Trung tâm Học liệu Trường Đại học Cần Thơ